The Turner review (Record no. 109384)

MARC details
000 -LEADER
fixed length control field 02139cad a22002895a 4500
001 - CONTROL NUMBER
control field E146996
008 - FIXED-LENGTH DATA ELEMENTS--GENERAL INFORMATION
fixed length control field 090323s2009 xxk f 000 0 eng d
035 ## - SYSTEM CONTROL NUMBER
System control number (Sirsi) u146996
041 0# - LANGUAGE CODE
Language code of text/sound track or separate title eng
050 04 - LIBRARY OF CONGRESS CALL NUMBER
Classification number 333.33 $2 18
100 1# - MAIN ENTRY--PERSONAL NAME
Personal name Turner, Adair
Titles and words associated with a name Lord
245 04 - TITLE STATEMENT
Title The Turner review
Remainder of title a regulatory response to the global banking crisis
Medium [electronic resource]
260 ## - PUBLICATION, DISTRIBUTION, ETC.
Place of publication, distribution, etc. London
Name of publisher, distributor, etc. FSA
Date of publication, distribution, etc. 2009
505 2# - FORMATTED CONTENTS NOTE
Formatted contents note Chapter 2 What to do?: the need for a systemic approach; fundamental changes, capital, accounting and liquidity; institutional and geographical coverage, economic substance not legal form; deposit insurance and bank resolution; other important regulatory changes; macro-prudential analysis and intellectual challenge; the FSA's supervisory approach; risk management and governance, firms skills, processes and structures; regulation of large complex banks, 'utility banking' and 'investment banking'; regulation and supervision of cross-border banks
505 2# - FORMATTED CONTENTS NOTE
Formatted contents note Chapter 3 Wider issues, open questions: product regulation?; other counter-cyclical tools; balancing liquidity benefits against stability concerns
505 2# - FORMATTED CONTENTS NOTE
Formatted contents note Chapter 4 Implementation and transition: domestic implementation and international agreements; transition from today's macro-economic position; processes for responding to this review
505 2# - FORMATTED CONTENTS NOTE
Formatted contents note Introduction -- Actions required to create a stable and effective banking system
505 2# - FORMATTED CONTENTS NOTE
Formatted contents note Chapter 1 What went wrong?: the global story, macro trends meet financial innovation; UK specific developments; global finance without global government, faultlines in regulatory approach; fundamental theoretical issues
520 ## - SUMMARY, ETC.
Summary, etc. Examines the causes of the current crisis in the banking industry, and makes recommendations for long-term policy changes in terms of regulation and supervision of the banking sector.
521 ## - TARGET AUDIENCE NOTE
Target audience note Advanced
590 ## - LOCAL NOTE (RLIN)
Local note KA
650 24 - SUBJECT ADDED ENTRY--TOPICAL TERM
Topical term or geographic name entry element TURNER REVIEW
651 #4 - SUBJECT ADDED ENTRY--GEOGRAPHIC NAME
Geographic name United Kingdom
Chronological subdivision
690 ## - LOCAL SUBJECT ADDED ENTRY--TOPICAL TERM (OCLC, RLIN)
Topical term or geographic name as entry element MANAGEMENT
856 40 - ELECTRONIC LOCATION AND ACCESS
Uniform Resource Identifier <a href="https://www.fsa.gov.uk/pages/Library/Corporate/turner/index.shtml">https://www.fsa.gov.uk/pages/Library/Corporate/turner/index.shtml</a>
Public note View the report free of charge at www.fsa.gov.uk...
942 ## - ADDED ENTRY ELEMENTS (KOHA)
Suppress in OPAC 0
Holdings
Withdrawn status Lost status Source of classification or shelving scheme Damaged status Not for loan Home library Current library Shelving location Date acquired Total Checkouts Full call number Barcode Date last seen Copy number Price effective from Koha item type
    Dewey Decimal Classification     Virtual Virtual Online 23/03/2009   ONLINE PUBLICATION 146996-2001 06/08/2019 1 06/08/2019 Book